000 00482nam a2200169Ia 4500
008 230718s9999 xx 000 0 und d
020 _a9789386224781
041 _aeng
082 _a796.069
_bBHO
100 _aBhogle A.
_9116674
245 _aThe Winning Way 2.0
_bLearning From Sport For Managers
260 _c2017
_bWestland
300 _a278
365 _cRs.
_b350.00
700 _aBhogle A. & Bhogle H.
_9116675
906 _dO:0707920-Feb-2020B:11520-Jan-2020
_cGENRL
_b87.5
999 _c351337
_d351337